Statistics for Tottenham Hotspur Scorers in Premier League 2019-20

Click here to take the quiz!

General Stats

  • This quiz has been taken 160 times
  • The average score is 9 of 12

Answer Stats

PlayerGoals% Correct
Harry Kane18
100%
Son Heung-min11
99%
Dele Alli8
88%
Lucas Moura4
83%
Christian Eriksen2
78%
Jan Vertonghen1
78%
Toby Alderweireld2
72%
Érik Lamela2
67%
Moussa Sissoko2
63%
Tanguy Ndombele2
59%
Serge Aurier1
58%
Steven Bergwijn3
45%

Score Distribution

Percentile by Number Answered

Percent of People with Each Score

Your Score History

You have not taken this quiz